Histoire Générale: synchronique
Gespeichert in:
| 1. Verfasser: | |
|---|---|
| Format: | Buch |
| Sprache: | Französisch |
| Veröffentlicht: |
París
Gallimard
1946
|
| Ausgabe: | Tercera edición |
| Schriftenreihe: | La Suite des Temps,
15 |
| Schlagworte: | |
| Tags: |
Tag hinzufügen
Keine Tags, Fügen Sie den ersten Tag hinzu!
|
MARC
| LEADER | 00000nam a2200000 a 4500 | ||
|---|---|---|---|
| 001 | UCP8585 | ||
| 003 | CL-VaPUC | ||
| 005 | 20231102151812.0 | ||
| 008 | 000303e19460000fr |||||||||||||||||fre|d | ||
| 999 | |c 285477 |d 285475 | ||
| 040 | |c Pontificia Universidad Católica de Valparaíso | ||
| 082 | 0 | 4 | |a 909 DUM 1946 |2 21 |
| 100 | 0 | |a Dumoulin de Laplante, Pierre |e author |9 438641 | |
| 245 | 1 | 0 | |a Histoire Générale: |b synchronique |
| 250 | |a Tercera edición | ||
| 260 | |a París |b Gallimard |c 1946 | ||
| 300 | |a 2 volúmenes | ||
| 490 | 0 | |a La Suite des Temps, |v 15 | |
| 500 | |a v.1: Desde Orígenes a la Hegira | ||
| 583 | |a last modification |c 20171011 02:20:53 |k Rodrigo Vera | ||
| 650 | 0 | |a Historia universal |9 266877 | |
| 650 | 0 | |a Prehistoria |9 316557 | |
| 650 | 7 | |a PROTOHISTORIA |2 CL-VaPUC |9 393760 | |
| 650 | 0 | |a Civilizaciones antiguas |9 265998 | |
| 650 | 7 | |a INVASIONES |2 CL-VaPUC |9 392362 | |
| 650 | 0 | |a Cristiandad |9 402037 | |
| 650 | 0 | |a Islamismo |9 314084 | |
| 651 | 0 | |a Grecia |9 265314 | |
| 651 | 0 | |a Egipto |9 268199 | |
| 651 | 0 | |a Grecia |9 265314 | |
| 942 | |c BK |2 ddc | ||
| 945 | |d 20000303 00:00:00 |a rherrera | ||
| 952 | |0 0 |1 0 |4 0 |6 909_000000000000000__DUM_1946 |7 0 |8 X |9 330123 |a BIBHIS |b BIBHIS |d 2019-11-20 |h v.1 |i 1392999 |o 909. DUM 1946 |p 1392999 |r 2024-01-30 |w 2019-11-20 |y BK_X |k HIS | ||